000 00384 a2200157 4500
005 20250607131408.0
020 _a978-0-582-89426-6
082 _aREF 349.03 CUR
100 _aCURZON, B.
245 _aThe Longman Dictionary of Law
250 _a7th ED.
260 _aNew York,
_bPearson ,
_c2007.
300 _axx, 631p.: .
_c22cm.
700 _aRICHARDS, P.H.
942 _2ddc
_cBKS
999 _c3451
_d3451